Ausländervereine - ein Forschungsbericht: über die Funktion von Eigenorganisationen für die Integration heterogener Zuwanderer in eine Aufnahmegesellschaft - am Beispiel Berlins
| VerfasserInnen: | ; |
|---|---|
| Medienart: | Druck Buch |
| Sprache: | Deutsch |
| Veröffentlicht: |
Berlin
Hitit
1997
|
| In: |
Völkervielfalt und Minderheitenrechte in Europa (5)
Jahr: 1997 |
| Online-Zugang: |
Inhaltsverzeichnis Inhaltsverzeichnis |
| Verfügbarkeit prüfen: | HBZ Gateway |
| Subito Bestelldienst: | Jetzt bestellen. |
| Schlagwörter: |
MARC
| LEADER | 00000cam a2200000 c 4500 | ||
|---|---|---|---|
| 001 | 238205606 | ||
| 003 | DE-627 | ||
| 005 | 20260206202019.0 | ||
| 007 | tu | ||
| 008 | 971227s1997 gw ||||| 00| ||ger c | ||
| 015 | |a 98,N02,0163 |2 dnb | ||
| 015 | |a 98,A11,0269 |2 dnb | ||
| 016 | 7 | |a 952408066 |2 DE-101 | |
| 020 | |a 9783924423322 |9 978-3-924423-32-2 | ||
| 020 | |a 3924423326 |9 3-924423-32-6 | ||
| 035 | |a (DE-627)238205606 | ||
| 035 | |a (DE-603)055149502 | ||
| 035 | |a (DE-576)063518295 | ||
| 035 | |a (DE-599)DNB952408066 | ||
| 035 | |a (OCoLC)611113563 | ||
| 035 | |a (OCoLC)611113563 | ||
| 035 | |a (OCoLC)45088976 | ||
| 040 | |a DE-627 |b ger |c DE-627 |e rakwb | ||
| 041 | |a ger | ||
| 044 | |c XA-DE |c XA-DE-BE | ||
| 084 | |a 14 |2 sdnb | ||
| 084 | |a LB 42032 |2 rvk |0 (DE-625)rvk/90551:786 | ||
| 084 | |a MG 18968 |2 rvk |0 (DE-625)rvk/122821:12232 | ||
| 084 | |a MS 3550 |2 rvk |0 (DE-625)rvk/123684: | ||
| 100 | 1 | |a Fijalkowski, Jürgen |d 1928-2014 |0 (DE-588)119116847 |0 (DE-627)079910831 |0 (DE-576)160942209 |4 aut | |
| 109 | |a Fijalkowski, Jürgen 1928-2014 | ||
| 245 | 1 | 0 | |a Ausländervereine - ein Forschungsbericht |b über die Funktion von Eigenorganisationen für die Integration heterogener Zuwanderer in eine Aufnahmegesellschaft - am Beispiel Berlins |c Jürgen Fijalkowski; Helmut Gillmeister |
| 264 | 1 | |a Berlin |b Hitit |c 1997 | |
| 300 | |a 327 S |c 21 cm | ||
| 336 | |a Text |b txt |2 rdacontent | ||
| 337 | |a ohne Hilfsmittel zu benutzen |b n |2 rdamedia | ||
| 338 | |a Band |b nc |2 rdacarrier | ||
| 490 | 1 | |a Völkervielfalt und Minderheitenrechte in Europa |v Bd. 5 | |
| 500 | |a Literaturverz. S. 305 - 309 | ||
| 583 | 1 | |a Archivierung prüfen |c 20240324 |f DE-4165 |z 3 |2 pdager | |
| 689 | 0 | 0 | |d g |0 (DE-588)4005728-8 |0 (DE-627)10482638X |0 (DE-576)208862560 |a Berlin |2 gnd |
| 689 | 0 | 1 | |d s |0 (DE-588)4151434-8 |0 (DE-627)104262184 |0 (DE-576)20978816X |a Einwanderer |2 gnd |
| 689 | 0 | 2 | |d s |0 (DE-588)4027238-2 |0 (DE-627)106285432 |0 (DE-576)208969993 |a Integration |2 gnd |
| 689 | 0 | 3 | |d s |0 (DE-588)4062714-7 |0 (DE-627)106130668 |0 (DE-576)209145595 |a Verein |2 gnd |
| 689 | 0 | 4 | |d s |0 (DE-588)4126830-1 |0 (DE-627)104279478 |0 (DE-576)209588446 |a Selbstorganisation |2 gnd |
| 689 | 0 | 5 | |d s |0 (DE-588)4115645-6 |0 (DE-627)105812749 |0 (DE-576)209494948 |a Projekt |2 gnd |
| 689 | 0 | |5 DE-101 | |
| 700 | 1 | |8 1\p |a Gillmeister, Helmut |d 1949- |0 (DE-588)118029304 |0 (DE-627)079200737 |0 (DE-576)291676324 |4 aut | |
| 830 | 0 | |a Völkervielfalt und Minderheitenrechte in Europa |v 5 |9 5 |w (DE-627)335937950 |w (DE-576)031817653 |w (DE-600)2060348-4 |7 am | |
| 856 | 4 | 2 | |u http://www.gbv.de/dms/hbz/toc/ht008185769.pdf |m V:DE-605 |q pdf/application |v 2008-11-15 |x Verlag |y Inhaltsverzeichnis |3 Inhaltsverzeichnis |7 1 |
| 856 | 4 | 2 | |u http://scans.hebis.de/HEBCGI/show.pl?05514950_toc.pdf |m V:DE-605 |q application/pdf |3 Inhaltsverzeichnis |7 1 |
| 883 | |8 1\p |a cgwrk |d 20241001 |q DE-101 |u https://d-nb.info/provenance/plan#cgwrk | ||
| 935 | |a mkri | ||
| 935 | |i Blocktest | ||
| 935 | |h HEB |i 0501 | ||
| 935 | |h HEB |i 0503 | ||
| 936 | r | v | |a LB 42032 |b Berlin, Brandenburg |k Sozial- und Kulturanthropologie. Empirische Kulturwissenschaft |k Soziale und politische Organisation und Praxis |k Soziale Gruppen und Netzwerke |k Europa |k Mitteleuropa |k Deutschland |k Norddeutschland |k Berlin, Brandenburg |0 (DE-627)1274580218 |0 (DE-625)rvk/90551:786 |0 (DE-576)204580218 |
| 936 | r | v | |a MG 18968 |b Minderheitenfragen |k Politologie |k Politische Systeme einzelner Länder |k Europa, Nordamerika |k Westeuropa, Mitteleuropa |k Bundesrepublik Deutschland |k Berlin |k Föderalismus |k Minderheitenfragen |0 (DE-627)1272110710 |0 (DE-625)rvk/122821:12232 |0 (DE-576)202110710 |
| 936 | r | v | |a MS 3550 |b Ausländer, Arbeitsmigrant |k Soziologie |k Spezielle Soziologien |k Soziologie der Minoritäten und Randgruppen |k Ausländer, Arbeitsmigrant |0 (DE-627)1271086611 |0 (DE-625)rvk/123684: |0 (DE-576)201086611 |
| 936 | s | n | |a m100 |2 mzub |
| 936 | s | n | |a m200 |2 mzub |
| 951 | |a BO | ||
| ELC | |b 1 | ||
| LOK | |0 000 xxxxxcx a22 zn 4500 | ||
| LOK | |0 001 3226404121 | ||
| LOK | |0 003 DE-627 | ||
| LOK | |0 004 238205606 | ||
| LOK | |0 005 19980212000000 | ||
| LOK | |0 008 980115||||||||||||||||ger||||||| | ||
| LOK | |0 040 |a DE-Frei85 |c DE-627 |d DE-Frei85 | ||
| LOK | |0 852 |a DE-Frei85 | ||
| LOK | |0 852 1 |m p |9 00 | ||
| LOK | |0 938 |k p | ||
| LOK | |0 939 |a 15-01-98 |b l01 | ||
| ORI | |a SA-MARC-krimdoka001.raw | ||
| TIM | |a 000000000000_100019481231 |b - 1948 | ||
